LDR 00874naa#a2200181#i#450# 001 RU\\bibl\116686 005 20260413060424.1 011 ## _a2658-4026 100 ## _a20260330b2026####ek#y0rusy0150####ca 102 ## _aRU 200 1# _aАнализ коммуникационных особенностей малой группы в структуре социальных сетей _eЖурнальная статья 210 1# _aБрянск _cБрянский государственный технический университет _d2026 215 ## _a8 с. 608 ## _aЖурнальная статья _2local 675 ## _aПрикладные информационные (компьютерные) технологии. 004.9 _z 700 #1 _aКоцюба _gИгорь Юрьевич 700 #1 _aПокровская _gНадежда Николаевна 856 4# _abstu.editorum.ru _u